000 00602nam a22002297a 4500
003 UA-OsUOA
001 48971
007 ta
008 20070913b un ||||| |||| 00| 0 ukr d
100 _aМикитась В.
090 _a82.09
_bМ59
942 _cBK
040 _aUA-OsUOA
_bukr
_cUA-OsUOA
_dUA-OsUOA
245 _aАнтикомунізм, яким він є
300 _a117 с.
955 _a1
041 _aukr
080 _a82.09
260 _aК.
_bНаукова думка
_c1984
650 7 _a82 Література. Літературознавство
_2UDC
999 _c335087
_d335087